Swift

Uloženo v:
Podrobná bibliografie
Hlavní autor: Murry, John Middleton (Autor)
Médium: Kniha
Jazyk:angličtina
Vydáno: Londres Longmans 1955
Edice:Writers and Their Work, 61
Témata:
Tagy: Přidat tag
Žádné tagy, Buďte první, kdo vytvoří štítek k tomuto záznamu!

MARC

LEADER 00000nam a2200000 a 4500
001 UCX6172
003 CL-VaPUC
008 930428e19550000UK |||||||||||||||||eng|d
082 0 4 |a 823.09  |b MUR  |2 21 
100 0 |a Murry, John Middleton  |e author  |9 322593 
245 1 0 |a Swift 
300 |a 44 p 
942 |c BK 
945 |d 19930428 00:00:00 
260 |a Londres  |b Longmans  |c 1955 
600 0 7 |a SWIFT, JONATHAN  |2 CL-VaPUC  |9 265806 
650 0 |a Crítica e interpretación   |9 255042 
583 |a last modification  |c 19930428 00:00:00  |k Rodrigo Vera 
490 0 |a Writers and Their Work, 61 
999 |c 226244  |d 226242 
952 |0 0  |1 0  |4 0  |6 823_090000000000000_MUR_1955  |7 0  |8 A  |9 224469  |a BIBEDU  |b BIBEDU  |d 2019-11-15  |i 293227K  |o 823.09 MUR 1955  |p 293227K  |r 2019-11-15  |w 2019-11-15  |y BK  |k LIT